Normal view MARC view

Entry Personal Name

Number of records used in: 1

001 - CONTROL NUMBER

  • control field: 1153378

003 - CONTROL NUMBER IDENTIFIER

  • control field: OSt

005 - DATE AND TIME OF LATEST TRANSACTION

  • control field: 20260324115113.0

008 - FIXED-LENGTH DATA ELEMENTS

  • fixed length control field: 260324|| aca||aabn | a|a d

040 ## - CATALOGING SOURCE

  • Original cataloging agency: OSt
  • Transcribing agency: OSt

100 ## - HEADING--PERSONAL NAME

  • Personal name: G L Sivakumar Babu; Prithvi S. Kandhal; Nivedya Mandankara Kottayi; Rajib Basu Mallick; Amirthalingam Veeraragavan

670 ## - SOURCE DATA FOUND

  • Source citation: Work cat.: (OSt)1744007: G L Sivakumar Babu; Prithvi S. Kandhal; Nivedya Mandankara Kottayi; Rajib Basu Mallick; Amirthalingam Veeraragavan, Pavement Drainage: Theory and Practice
Copyright @ Delhi University Library System